Statistics for All Municipalities of Fejér County, Hungary on a Map

Click here to take the quiz!

General Stats

  • This quiz has been taken 20 times
  • The average score is 35 of 108

Answers on the Map

Answers color-coded by a green-red scale on the quiz's map according to % correct below.
 

Answer Stats

Answer% Correct
Székesfehérvár
100%
Velence
85%
Gárdony
77%
Pusztaszabolcs
62%
Alcsútdoboz
54%
Bicske
54%
Csákvár
54%
Felcsút
54%
Pákozd
54%
Aba
46%
Adony
46%
Baracs
46%
Baracska
46%
Bodajk
46%
Dunaújváros
46%
Ercsi
46%
Etyek
46%
Kápolnásnyék
46%
Mány
46%
Martonvásár
46%
Mór
46%
Polgárdi
46%
Sárbogárd
46%
Tác
46%
Enying
38%
Fehérvárcsurgó
38%
Gánt
38%
Nadap
38%
Óbarok
38%
Pázmánd
38%
Vál
38%
Vereb
38%
Vértesacsa
38%
Bakonycsernye
31%
Beloiannisz
31%
Cece
31%
Csabdi
31%
Csókakő
31%
Daruszentmiklós
31%
Füle
31%
Gyúró
31%
Isztimér
31%
Iváncsa
31%
Kincsesbánya
31%
Lajoskomárom
31%
Lepsény
31%
Mezőfalva
31%
Mezőkomárom
31%
Rácalmás
31%
Sárkeszi
31%
Soponya
31%
Sukoró
31%
Szár
31%
Tabajd
31%
Újbarok
31%
Alap
23%
Alsószentiván
23%
Bakonykúti
23%
Balinka
23%
Besnyő
23%
Bodmér
23%
Csákberény
23%
Csór
23%
Csősz
23%
Dég
23%
Előszállás
23%
Hantos
23%
Igar
23%
Iszkaszentgyörgy
23%
Jenő
23%
Kajászó
23%
Káloz
23%
Kisapostag
23%
Kisláng
23%
Kőszárhegy
23%
Kulcs
23%
Lovasberény
23%
Magyaralmás
23%
Mátyásdomb
23%
Mezőszentgyörgy
23%
Mezőszilas
23%
Moha
23%
Nádasdladány
23%
Nagykarácsony
23%
Nagylók
23%
Nagyveleg
23%
Nagyvenyim
23%
Pátka
23%
Perkáta
23%
Pusztavám
23%
Ráckeresztúr
23%
Sáregres
23%
Sárkeresztes
23%
Sárkeresztúr
23%
Sárosd
23%
Sárszentágota
23%
Sárszentmihály
23%
Seregélyes
23%
Söréd
23%
Szabadbattyán
23%
Szabadegyháza
23%
Szabadhídvég
23%
Tordas
23%
Úrhida
23%
Vajta
23%
Vértesboglár
23%
Zámoly
23%
Zichyújfalu
23%

Score Distribution

Percentile by Number Answered

Percent of People with Each Score

Your Score History

You have not taken this quiz